Investičné prostredie krajín V4: regionálne porovnanie vybraných faktorov ovplyvňujúcich rozhodnutia priamych zahraničných investorov
Postavenie Slovenskej republiky v medzinárodných rebríčkoch hodnotiacich podnikateľské prostredie. Porovnanie vybraných determinantov PZI v krajinách V4. Komparácia umiestnenia krajín V4 v regionálnom porovnaní v rámci analyzovaných ukazovateľov.
Salvato in:
| Autore principale: | |
|---|---|
| Natura: | Capitolo di libro |
| Lingua: | slovacco |
| Soggetti: | |
| Tags: |
Nessun Tag, puoi essere il primo ad aggiungerne!!
|
MARC
| LEADER | 00000naa$a2200000$$$4500 | ||
|---|---|---|---|
| 001 | 0257503 | ||
| 005 | 20240502074103.0 | ||
| 041 | 0 | |a slo | |
| 044 | |a SK | ||
| 245 | 1 | 0 | |a Investičné prostredie krajín V4: regionálne porovnanie vybraných faktorov ovplyvňujúcich rozhodnutia priamych zahraničných investorov |c Martina Balejová |
| 520 | |a Postavenie Slovenskej republiky v medzinárodných rebríčkoch hodnotiacich podnikateľské prostredie. Porovnanie vybraných determinantov PZI v krajinách V4. Komparácia umiestnenia krajín V4 v regionálnom porovnaní v rámci analyzovaných ukazovateľov. | ||
| 610 | 2 | 0 | |a prostredie podnikateľské |
| 610 | 2 | 0 | |a porovnanie regionálne |
| 610 | 2 | 0 | |a investície |
| 610 | 2 | 0 | |a podpora podnikania |
| 610 | 2 | 0 | |a stredná Európa |
| 610 | 2 | 0 | |a východná Európa |
| 100 | 1 | |a Košdy, Martina, 1990- | |